Real Betis Balompié Squad 2019-2020 - Statistics

General Stats
  • This quiz has been taken 29 times
  • The average score is 19 of 27
Answer Stats
# Position Nation Player % Correct
9 FW Spain Borja Iglesias
100%
23 DF Algeria Aïssa Mandi
94%
5 DF Spain Marc Bartra
94%
8 MF France Nabil Fekir
94%
14 MF Portugal William Carvalho
94%
18 MF Mexico Andrés Guardado
88%
1 GK Spain Joel Robles
88%
15 DF Spain Álex Moreno
81%
20 FW Mexico Diego Lainez
81%
10 MF Spain Sergio Canales
81%
4 DF Morocco Zouhair Feddal
81%
11 FW Spain Cristian Tello
75%
21 MF Argentina Guido Rodríguez
75%
17 FW Spain Joaquín Sánchez
75%
7 FW Spain Juanmi
75%
12 DF Brazil Sidnei
75%
16 FW Spain Loren Morón
63%
- Coach Spain Rubi
63%
19 DF Spain Antonio Barragán
56%
22 DF Brazil Emerson
56%
3 MF Spain Javi García
50%
21 MF Cameroon Wilfrid Kaptoum
50%
2 DF Spain Francis Guerrero
44%
13 GK Spain Dani Martín
38%
24 MF Spain Carles Aleñá
31%
- Coach Spain Alexis Trujillo
25%
6 DF Spain Alfonso Pedraza
25%
No matching quizzes found
Score Distribution
Percent of People with Each Score
Percentile by Number Answered
Your Score History
You have not taken this quiz